Shiloh / (Record no. 1521)

MARC details
000 -LEADER
fixed length control field 00523nam a22001817a 4500
005 - DATE AND TIME OF LATEST TRANSACTION
control field 20230303014023.0
008 - FIXED-LENGTH DATA ELEMENTS--GENERAL INFORMATION
fixed length control field 230303b |||||||| |||| 00| 0 eng d
020 ## - INTERNATIONAL STANDARD BOOK NUMBER
International Standard Book Number 0-440-40752-4
082 ## - DEWEY DECIMAL CLASSIFICATION NUMBER
Classification number Fic. N333 1991
100 ## - MAIN ENTRY--PERSONAL NAME
Personal name Naylor, Phyllis R.
Relator term author
245 ## - TITLE STATEMENT
Title Shiloh /
Statement of responsibility, etc. Phyllis Reynolds Naylor
260 ## - PUBLICATION, DISTRIBUTION, ETC.
Place of publication, distribution, etc. New York:
Name of publisher, distributor, etc. Dell Publishing,
Date of publication, distribution, etc. c1991
300 ## - PHYSICAL DESCRIPTION
Extent 144p.
541 ## - IMMEDIATE SOURCE OF ACQUISITION NOTE
Accession number 5325
650 ## - SUBJECT ADDED ENTRY--TOPICAL TERM
Topical term or geographic name entry element Dogs - Juvenile fiction
650 ## - SUBJECT ADDED ENTRY--TOPICAL TERM
Topical term or geographic name entry element Animals welfare - Juvenile fiction
650 ## - SUBJECT ADDED ENTRY--TOPICAL TERM
Topical term or geographic name entry element West Virginia - Juvenile fiction
Holdings
Withdrawn status Lost status Source of classification or shelving scheme Damaged status Not for loan Home library Current library Date acquired Total Checkouts Full call number Barcode Date last seen Copy number Price effective from Koha item type
    Dewey Decimal Classification     ctu-moalboal ctu-moalboal 05/03/2018   Fic. N333 1991 5325 03/03/2023 1 03/03/2023 Books-Fiction